| 000 | 00847nac a22002417a 4500 | ||
|---|---|---|---|
| 001 | BR8007629 | ||
| 003 | BR-BrBNA | ||
| 005 | 20240105114847.0 | ||
| 008 | 230509b bl.|||m| |||| 00| 0 por d | ||
| 040 |
_aBR-BrBNA _bpor _cBiblioteca Nacional de Agricultura |
||
| 072 | _aE16 | ||
| 090 | _aE16 BR8007629 | ||
| 110 | 1 |
_aFundacao Comissao Estadual de Planejamento Agricola do Espirito Santo, Vitoria (Brasil) _94825 |
|
| 245 | 1 | _aCusto de producao, Espirito Santo - dezembro 1980 | |
| 260 | 3 |
_aVitoria, ES (Brasil): _c1980. |
|
| 300 | _a86 p. | ||
| 490 |
_aCustos de Producao - Fundacao Comissao Estadual de Planejamento Agricola do Espirito Santo (Brazil) _vv. 1(3) _x |
||
| 650 | _aPRODUTO AGRICOLA | ||
| 650 | _aCUSTO DE PRODUCAO | ||
| 650 | _aESPIRITO SANTO | ||
| 909 |
_a202312 _bLúcia Elande _c55 _dLúcia Elande |
||
| 942 |
_2AGRIS _n0 _cMS |
||
| 999 |
_c271719 _d271719 |
||